| 000 | 009420000a22002890004500 | ||
|---|---|---|---|
| 090 |
_aAR _b02400 |
||
| 245 | 1 | 0 | _aConsequences of changing biodiversity |
| 650 | 1 | 4 |
_aDisturbios antrópicos _993298 |
| 650 | 1 | 4 |
_aCambio global _94262 |
| 650 | 1 | 4 |
_aServicios ambientales _994060 |
| 650 | 1 | 4 |
_aDegradación ambiental _994762 |
| 041 | 0 | _aInglés | |
| 700 | 1 |
_aZavaleta, Erika S. _995952 |
|
| 700 | 1 |
_aEviner, Valerie T. _995953 |
|
| 700 | 1 |
_aNaylor, Rosamond L. _995954 |
|
| 700 | 1 |
_aVitousek, Peter M. _993518 |
|
| 700 | 1 |
_aReynolds, Heather L. _995955 |
|
| 700 | 1 |
_aHooper, David U. _993519 |
|
| 700 | 1 |
_aLavore, Sandra _995956 |
|
| 700 | 1 |
_aSala, Osvaldo E. _995957 |
|
| 700 | 1 |
_aHobbie, Sarah E. _995958 |
|
| 700 | 1 |
_aMack, Michalle C. _995959 |
|
| 700 | 1 |
_aDíaz, Sandra _995960 |
|
| 100 | 1 |
_aChapin, F. Stuart _994312 |
|
| 942 | _cARTICULO | ||
| 773 | 1 |
_tNature: International Weekly Journal of Science _3172 _h6783 _q234-242 _d2000 _g405 |
|
| 999 |
_c11471 _d11471 |
||